| Tag |
First Indicator |
Second Indicator |
Subfields |
| LEADER |
00000cgm a22000003i 4500 |
| 001 |
in00003751149 |
| 006 |
m|||||o||c|||||||| |
| 007 |
cr |n||||||||a |
| 007 |
vz |za|z| |
| 008 |
150818s2005 txu028 e |o vleng d |
| 005 |
20260324205711.2 |
| 035 |
|
|
|a (OCoLC)929482183
|
| 035 |
|
|
|a ASP2812737/ebap
|
| 040 |
|
|
|a VaAlASP
|b eng
|e rda
|c VaAlASP
|d UtOrBLW
|
| 043 |
|
|
|a n-us---
|
| 050 |
|
4 |
|a HD5324
|b .T736 2005
|
| 245 |
0 |
0 |
|a Transforming America :
|b U. S. history since 1877.
|n Lesson 5,
|p Labor's struggle /
|c producer/director, Julia Dyer.
|
| 246 |
1 |
0 |
|a Labor's struggle
|
| 264 |
|
1 |
|a Dallas, TX :
|b Dallas County Community College District,
|c 2005.
|
| 300 |
|
|
|a 1 online resource (28 minutes)
|
| 306 |
|
|
|a 002821
|
| 336 |
|
|
|a two-dimensional moving image
|b tdi
|2 rdacontent
|
| 337 |
|
|
|a computer
|b c
|2 rdamedia
|
| 337 |
|
|
|a video
|b v
|2 rdamedia
|
| 338 |
|
|
|a online resource
|b cr
|2 rdacarrier
|
| 338 |
|
|
|a other
|b vz
|2 rdacarrier
|
| 347 |
|
|
|a data file
|2 rda
|
| 500 |
|
|
|a Title from resource description page (viewed August 18, 2015).
|
| 520 |
|
|
|a Labor's Struggle analyzes how industrialization changed the nature of work, working conditions, and the composition of America's workforce, as well as Labor's struggle to organize, management's fierce resistance to their efforts, and the status of the American worker.
|
| 546 |
|
|
|a In English.
|
| 650 |
|
0 |
|a Labor disputes
|z United States
|x History
|y 20th century.
|
| 650 |
|
0 |
|a Labor movement
|z United States
|y 20th century.
|
| 650 |
|
0 |
|a Working class
|z United States
|x History
|y 20th century.
|0 http://id.loc.gov/authorities/subjects/sh2010119403
|
| 651 |
|
0 |
|a United States
|x History
|y 1865-1921.
|0 http://id.loc.gov/authorities/subjects/sh85140284
|
| 655 |
|
7 |
|a Internet videos.
|2 lcgft
|0 http://id.loc.gov/authorities/genreForms/gf2011026337
|
| 655 |
|
7 |
|a Educational films.
|2 lcgft
|0 http://id.loc.gov/authorities/genreForms/gf2011026219
|
| 700 |
1 |
|
|a Dyer, Julia,
|e producer,
|e director.
|0 http://id.loc.gov/authorities/names/no2001068357
|
| 710 |
2 |
|
|a Dallas TeleLearning (Firm),
|e production company.
|0 http://id.loc.gov/authorities/names/no2003039706
|
| 856 |
4 |
0 |
|u http://proxy.library.tamu.edu/login?url=https://www.aspresolver.com/aspresolver.asp?EBAP;2812737
|z Connect to this streaming video (Alexander Street Press)
|t 0
|
| 999 |
f |
f |
|s 730aeb0c-57ea-36ad-a446-f3c36896a897
|i 96fb7452-0efd-3362-b267-5703e03d5f3b
|t 0
|
| 952 |
f |
f |
|a Texas A&M University
|b College Station
|c Electronic Resources
|s www_evans
|d Available Online
|t 0
|e HD5324 .T736 2005
|h Library of Congress classification
|
| 998 |
f |
f |
|a HD5324 .T736 2005
|t 0
|l Available Online
|